Plan estratégico de mejoramiento de la calidad en el proceso de elaboración de estatuillas del taller arte SACRO

Presenta la propuesta de un plan estratégico de mejoramiento de la calidad en el proceso de producción de estatuillas, se utiliza la metodología para la solución de problemas el ciclo PNVA (planear, hacer, verifica ya actuar) el cual se emplea como guía para elaborar los planes de mejoramiento...

Full description

Bibliographic Details
Main Authors: Lacayo Cruz, Jacqueline del Socorro, Flores Padilla, Martha Lorena
Other Authors: Tutor: Zúñiga Morales, Gonzalo de Jesús
Format: Tesis Section = Libro
Language:Undetermined
Spanish
Published: Managua UNI 2010
Subjects:
LEADER 01207nam a2200253Ia 4500
008 240830s9999 xx 000 0 und d
040 |a BIBLIOTECA-RUPAP T.Mon 658.562 L129 
041 |a spa 
082 |a T.Mon 658.562 L129 
100 1 |a Lacayo Cruz, Jacqueline del Socorro 
100 1 |b Flores Padilla, Martha Lorena 
245 1 0 |a Plan estratégico de mejoramiento de la calidad en el proceso de elaboración de estatuillas del taller arte SACRO 
260 |a Managua  |b UNI  |c 2010 
300 |a 57 p. :il. 
500 |a Contiene: anexos e Incluye: CD. 
502 |a Tesis (Ingeniero de Sistemas)- UNI, 2010. 
520 3 |a Presenta la propuesta de un plan estratégico de mejoramiento de la calidad en el proceso de producción de estatuillas, se utiliza la metodología para la solución de problemas el ciclo PNVA (planear, hacer, verifica ya actuar) el cual se emplea como guía para elaborar los planes de mejoramiento de la calidad en el taller arte Sacro. 
650 7 |a ADMINISTRACIÓN DE LA PRODUCCIÓN 
650 7 |b CONTROL DE CALIDAD 
650 7 |c PLANEACIÓN ESTRATÉGICA 
700 1 |a Tutor:  |b Zúñiga Morales, Gonzalo de Jesús  
942 |c BK  |2 ddc 
991 |a TESIS 
999 |c 18678